Náhrada príjmu zamestnancovi počas jeho dočasnej pracovnej neschopnosti od 1.1.2014
Platnosť zákona č. 462/2003 Z. z. o náhrade príjmu pri dočasnej pracovnej neschopnosti zamestnanca a o zmene a doplnení niektorých zákonov v znení neskorších predpisov. Zamestnanec a zamestnávateľ na účely poskytovania náhrady príjmu pri dočasnej PN. Výška náhrady príjmu. Denný vymeriavací základ. R...
Salvato in:
| Autore principale: | |
|---|---|
| Natura: | Capitolo di libro |
| Lingua: | slovacco |
| Soggetti: | |
| Tags: |
Nessun Tag, puoi essere il primo ad aggiungerne!!
|
MARC
| LEADER | 00000naa a2200000 4500 | ||
|---|---|---|---|
| 001 | 0188850 | ||
| 005 | 20231109104617.3 | ||
| 041 | 0 | |a slo | |
| 044 | |a SK | ||
| 245 | 1 | 0 | |a Náhrada príjmu zamestnancovi počas jeho dočasnej pracovnej neschopnosti od 1.1.2014 |c Jolana Strýčková |
| 520 | |a Platnosť zákona č. 462/2003 Z. z. o náhrade príjmu pri dočasnej pracovnej neschopnosti zamestnanca a o zmene a doplnení niektorých zákonov v znení neskorších predpisov. Zamestnanec a zamestnávateľ na účely poskytovania náhrady príjmu pri dočasnej PN. Výška náhrady príjmu. Denný vymeriavací základ. Rozhodujúce obdobie. Uplatňovanie nároku na náhradu príjmu pri dočasnej PN. Kontrola dodržiavania liečebného režimu počas prvých 10 dní dočasnej PN zo strany zamestnávateľa. Príklady z praxe. | ||
| 610 | 2 | 0 | |a poistenie sociálne |
| 610 | 2 | 0 | |a poistenie nemocenské |
| 610 | 2 | 0 | |a náhrada mzdy |
| 610 | 2 | 0 | |a základ vymeriavací |
| 610 | 2 | 0 | |a práceneschopnosť |
| 610 | 2 | 0 | |a legislatíva |
| 610 | 2 | 0 | |a zamestnanci |
| 610 | 2 | 0 | |a zamestnávatelia |
| 100 | 1 | |a Strýčková, Jolana | |